000 00758cam a22002414a 4500
001 1686081
005 20180316043129.0
008 990507s2000 njua 001 0 eng
010 _a 99030064
020 _a0130819220
040 _aDLC
_cDLC
_dDLC
041 _aeng
042 _apcc
080 _a579 MAD
082 0 0 _a579 MAD
_221
100 1 _a11
101 _aBIO
245 1 0 _aBrock biology of microorganisms /
_cMichael T. Madigan, John M. Martinko, Jack Parker.
246 3 0 _aBiology of microorganisms
906 _a7
_bcbc
_corignew
_d1
_eocip
_f19
_gy-gencatlg
942 _2ddc
_cBK
999 _c45195
_d45195